000 00824nam a2200241Ia 4500
003 GCL
008 140319s9999 xx 000 0 ara d
040 _aGCL /
_cGCL
082 0 4 _a953.09
_bا ف
100 1 _aاحمد عبدالرحيم مصطفى
245 1 0 _aفى اصول التاريخ العثمانى /
_cاحمد عبدالرحيم مصطفى
260 _aالقاهرة :
_bدار الشروق ،
_c1993
300 _a326 ص ؛
_c24 سم
490 _a
650 0 4 _aتاريخ
650 0 4 _aالاحوال السياسية
650 0 4 _aالامبراطورية العثمانية
650 0 4 _aعصر الازدهار
650 0 4 _aعصر الضعف
650 0 4 _aفتح القسطنطينية
650 0 4 _aالعالم العربى - تاريخ - العصر العثمانى
942 _2ddc
_cBK
999 _c31590
_d31590